000 00464nam a2200181Ia 4500
001 20955
003 GE_BSU
008 181216s||||||||xx |||||||||||||| ||und||
040 _cGE_BSU
245 _aParis Match, du 15 AU 21 jiun. №3552. 2017
260 _aParis
260 _c2017
300 _a112p.ill.30cm.
653 _aParis Match, du 15 AU 21 jiun. №3552. 2017
653 _aПериодика
653 _aპერიოდიკა
942 _cCR
999 _c53904
_d53904